| 000 | 00000nam##2200000za#4500 |
| 001 | 9.651309 |
| 003 | CaOODSP |
| 005 | 20220125145841 |
| 007 | ta |
| 008 | 150407|2008||||xxc||||| f|0| 0 eng|d |
| 020 | |a978-1-100-10627-4 |
| 040 | |aCaOODSP|beng |
| 043 | |an-cn--- |
| 086 | 1 |aD2-233/2008E |
| 110 | 1 |aCanada. |bDepartment of National Defence. |
| 245 | 10|aEffects-based approaches to operations : |bCanadian perspectives / |cedited by Allan English and Howard Coombs. |
| 260 | |bNational Defence |cc2008. |
| 300 | |av, 256p. : |bfigs., references ; |c25 cm. |
| 520 | 3 |aEffects-based operations (EBO) has been a source of debate for many years. As the papers presented in this book illustrate, the Canadian defence community has not been immune from this debate. The works contained in this volume are a first step in examining EBO from a Canadian point of view. |
| 563 | |aSoftcover |
| 590 | |a08-47|b2008-11-21 |
| 720 | 1 |aEnglish, Allan |
| 720 | 1 |aCoombs, Howard G. |
| 776 | 0#|tEffects-based approaches to operations : |w(CaOODSP)9.691420 |